Los orígenes de la Universidad de Salamanca / (Record no. 30602)

MARC details
000 -LEADER
campo de control de longitud fija 00748nam a2200205 i 4500
001 - NÚMERO DE CONTROL
campo de control 30602
003 - IDENTIFICADOR DE NÚMERO DE CONTROL
campo de control ES-MaACL
005 - FECHA Y HORA DE LA ÚLTIMA TRANSACCIÓN
campo de control 20251003063045.0
007 - CAMPO FIJO DE DESCRIPCIÓN FÍSICA--INFORMACIÓN GENERAL
campo de control de longitud fija t|
008 - DATOS DE LONGITUD FIJA--INFORMACIÓN GENERAL
campo de control de longitud fija 030127s1953 sp ||||1| spa d
100 1# - ENTRADA PRINCIPAL--NOMBRE DE PERSONA
Nombre de persona Beltrán de Heredia, Vicente,
Fechas asociadas al nombre 1885-1973
9 (RLIN) 27359
245 13 - MENCIÓN DEL TÍTULO
Título Los orígenes de la Universidad de Salamanca /
Mención de responsabilidad, etc. Vicente Beltrán de Heredia.
260 ## - PUBLICACIÓN, DISTRIBUCIÓN, ETC.
Lugar de publicación, distribución, etc. Salamanca :
Nombre del editor, distribuidor, etc. Universidad de Salamanca,
Fecha de publicación, distribución, etc. 1953 (
Fabricante Yagües)
300 ## - DESCRIPCIÓN FÍSICA
Extensión 53 p. ;
Dimensiones 24 cm.
490 1# - MENCIÓN DE SERIE
Mención de serie Acta Salmanticensia. Historia de la Universidad ;
Designación de volumen o secuencia 1 ;
-- 1
710 2# - ENTRADA AGREGADA--NOMBRE DE ENTIDAD CORPORATIVA
Nombre de entidad corporativa o nombre de jurisdicción como elemento de entrada Universidad de Salamanca.
9 (RLIN) 7275
830 00 - PUNTO DE ACCESO ADICIONAL DE SERIE-TÍTULO UNIFORME
Título uniforme Acta Salmanticensia. Historia de la Universidad
Designación de volumen o secuencia 1 ;
-- 1
9 (RLIN) 178181
852 ## - LOCALIZACIÓN
Ubicación ES-MaACL
Número de control de estantería 1961-F-14
Sublocalización o colección R.35568
Holdings
Estatus retirado Estado de pérdida Estado de daño No para préstamo Colección Biblioteca de origen Biblioteca actual Ubicación en estantería Fecha de adquisición Fuente de adquisición Total de préstamos Signatura topográfica completa Código de barras Visto por última vez Precio de reemplazo Tipo de ítem Koha
        Colección de folletos Biblioteca del Ateneo de Madrid Biblioteca del Ateneo de Madrid Depósito folletos 17/01/2008     1961-F-14 1031600 23/02/2023 23/02/2023 Folleto